000 00430nam a2200169 4500
003 SEACOMEC
005 20260318132449.0
008 260318b |||||||| |||| 00| 0 eng d
020 _c176.00
040 _aSEACOMEC
082 _a510.02462
_bA28
100 _aAdhiKari, S. K.
245 _aA Text book of engineering mathematics - I
_c/ S. K. AdhiKari,
260 _aDelhi
_bDhanpat Rai
_c2008
300 _aVol-1
942 _cBOOK
999 _c2641
_d2641